000 01190cam a2200313 a 4500
001 41684
003 BD-RjUL
005 20211209053432.0
008 050616s1982 at a b 001 0 eng
020 _a090807008X
_c$10.00
035 _a(BD-RjUL)41802
040 _aDLC
_cBD-RjUL
_dDLC
_beng
041 _aeng
082 0 0 _a322.42095412
_219
_bHEP 1982
100 1 _aHenningham, Stephen
_d1950-
_9128034
245 1 0 _aPeasant movements in colonial India :
_bNorth Bihar, 1917-1942
_cStephen Henningham.
260 _aCanberra :
_bANU,
_c1982.
300 _axiii, 286 p. :
_bill. ;
_c21 cm.
490 1 _aAustralian National University monographs on South Asia ;
500 _aRevision of thesis (Ph. D.)--Australian National University, 1978.
500 _aIncludes index.
504 _aBibliography: p. 259-272.
650 0 _aPeasants
_xPolitical activity
_zIndia
_zBihar
_xHistory.
_9128035
650 0 _aPeasant uprisings
_zIndia
_zBihar
_xHistory.
_9128036
651 0 _aBihar (India)
_xSocial conditions.
_9128037
830 0 _aAustralian National University monographs on South Asia (Canberra, A.C.T.) ;
_vno. 9.
_9128039
942 _2ddc
_cBK
999 _c41684
_d41684